| 000 | 00528nam a2200181Ia 4500 | ||
|---|---|---|---|
| 005 | 20250423094510.0 | ||
| 008 | 250422s9999 xx 000 0 und d | ||
| 020 | _a9780435906573 | ||
| 050 | _aPR 9387.9 .N35 .A89/ | ||
| 100 | _aNdibe, Okey | ||
| 245 | 0 | _aArrows of rain | |
| 260 | _aHarlow | ||
| 260 | _bHeinemann | ||
| 260 | _c2000 | ||
| 300 | _a248 p | ||
| 650 | _aWomen--Violence against--Africa--Fiction. Political corruption--Africa--Fiction. FICTION / Literary. Africa--Social conditions--Fiction. | ||
| 942 | _cBK | ||
| 999 |
_c27420 _d27420 |
||